| 000 | 00381cam a2200145ua 4500 | ||
|---|---|---|---|
| 041 |
_aeng _h |
||
| 082 |
_a821 _bCAL/GO |
||
| 100 | _aCald well, Thomas . | ||
| 245 |
_aGolden book of modern english potry / _ctHOMAS, Caldwell. _hTextual Documents |
||
| 260 |
_aLondon : _bJ M Dent and Sons Ltd , _c1948. |
||
| 300 | _a423 ; . | ||
| 504 | _a | ||
| 942 | _cBK | ||
| 999 |
_c12305 _d12305 |
||